Geography by Pictures (Medium-Hard) - M - Statistics

General Stats
  • This quiz has been taken 65 times
  • The average score is 7 of 14
Answer Stats
Picture Hint Answer % Correct
City in Colombia Medellin
85%
River in South East Asia Mekong River
82%
River in the U.S. Missouri River
72%
Pacific Country Marshall Islands
70%
Strait in South America Magellan Strait
68%
City in Brazil Manaus
65%
Country (State) of the U.S. Massachusetts
57%
Sea on Europe Sea of Marmara
43%
Peninsula in Asia Malay Peninsula
40%
Pacific Atoll Midway Atoll
23%
City in the U.K. Middlesbrough
18%
Oblast of Russia Magadan Oblast
15%
Landmark in Singapore Marina Bay Sands
12%
Indonesian Island Madura Island
10%
No matching quizzes found
Score Distribution
Percent of People with Each Score
Percentile by Number Answered
Your Score History
You have not taken this quiz